Atlanta Falcons 2021 Roster - Statistics

General Stats
  • This quiz has been taken 45 times
    44 since last reset
  • The average score is 15 of 38
Answer Stats
Pos. Player % Correct
QB Matt Ryan
100%
WR Calvin Ridley
85%
TE Kyle Pitts
85%
RB Mike Davis
78%
RB Cordarrelle Patterson
75%
LB Deion Jones
75%
CB AJ Terrell
73%
Coach Arthur Smith
73%
WR Russell Gage
73%
TE Lee Smith
70%
K Younghoe Koo
68%
DT Grady Jarrett
60%
TE Hayden Hurst
58%
WR Olamide Zaccheaus
53%
OG Chris Lindstrom
48%
OT Jake Matthews
48%
OT Kaleb McGary
40%
DE Dante Fowler
33%
S Erik Harris
28%
WR Christian Blake
25%
CB Fabian Moreau
23%
S Richie Grant
23%
WR Tajae Sharpe
23%
DT Marlon Davidson
20%
LB Mykal Walker
20%
S Duron Harmon
18%
LB Foyesade Oluokun
18%
CB Kendall Sheffield
18%
QB AJ McCarron
15%
CB Isaiah Oliver
15%
C Matt Hennessey
15%
DT Tyeler Davison
15%
TE Jaeden Graham
13%
LB Brandon Copeland
10%
S Jaylinn Hawkins
10%
OG Matt Gono
10%
DE Jacob Tuioti-Mariner
8%
P Sterling Hofrichter
0%
No matching quizzes found
Score Distribution
Percent of People with Each Score
Percentile by Number Answered
Your Score History
You have not taken this quiz since the last reset